000
00331nam a22001457a 4500
008
221012b ||||| |||| 00| 0 eng d
020
_a
9780324159882
041
_a
eng
080
_2
THIRD EDITION
_a
330.7
082
_a
330.7
100
_a
23.2
101
_a
MENA
245
_a
MANAGERIAL ACCOUNTING
_c
INGRAM
942
_2
udc
_c
BK
999
_c
58515
_d
58515